000 00693nam a2200181Ia 4500
008 090124s9999 xx 000 0 und d
082 _b32155
_a890
100 _aघाणेकर प्रफुल्ल केशव ( प्र.के.)
245 _a गडांचा राजा राजगड
250 _a1
260 _c2001
300 _a86
600 _aघाणेकर प्रफुल्ल केशव ( प्र.के.)
630 _a गडांचा राजा राजगड
700 _aघाणेकर प्रफुल्ल केशव ( प्र.के.)
730 _a गडांचा राजा राजगड
942 _cBOOK
999 _c145634
_d145634